[Event "Mechanics' Summer TNM; G/2"]
[Site "San Francisco"]
[Date "2015.07.07"]
[Round "7.7"]
[White "Shi, Jaysen"]
[Black "Zhao, Art"]
[Result "1/2-1/2"]
[WhiteElo "1833"]
[BlackElo "2208"]
[Annotator "Donaldson"]
[PlyCount "80"]
[EventDate "2015.??.??"]

1. e4 c5 2. Nf3 d6 3. d4 cxd4 4. Nxd4 Nf6 5. Nc3 Nc6 6. Be2 e6 7. Be3 a6 8. O-O
Be7 9. Qd2 (9. f4 O-O 10. Kh1 (10. Qe1)) 9... O-O 10. a4 Qc7 11. Nb3 b6 12. f3
Rd8 13. Nd4 d5 (13... Na5) 14. Bf4 e5 15. Nxc6 Qxc6 16. exd5 exf4 17. dxc6 Rxd2
18. Bd3 Be6 19. Kh1 Bc5 20. Nb1 Rf2 21. Rd1 Nd5 22. Nc3 Nxc3 23. bxc3 Bd5 24.
c7 Be6 25. Be4 Rc8 26. Rd8+ Bf8 27. Rxc8 Bxc8 28. Rd1 g5 29. Kg1 Bc5 30. Rd8+
Kg7 31. h4 Rxf3+ 32. Kh2 Rxc3 33. Rxc8 Bd6 34. hxg5 f3+ 35. Kg1 fxg2 36. Kxg2
Bxc7 37. Bd3 b5 38. axb5 axb5 39. Bxb5 Rc5 40. Bd3 Rxg5+ {
and later drawn. Remaining moves unavailable.} 1/2-1/2

[Event "Mechanics' Summer TNM; G/2"]
[Site "San Francisco"]
[Date "2015.06.16"]
[Round "4.12"]
[White "Shi, Jayson"]
[Black "Drane, Robert W"]
[Result "1-0"]
[WhiteElo "1833"]
[BlackElo "1923"]
[PlyCount "91"]
[EventDate "2015.??.??"]

1. e4 Nf6 2. Nc3 d5 3. exd5 Nxd5 4. Nxd5 Qxd5 5. Nf3 Bf5 6. Be2 Nc6 7. c3 e5 8.
Qa4 Be7 9. O-O O-O 10. Bc4 Qd8 11. Re1 a6 12. Qb3 e4 13. Nd4 Nxd4 14. cxd4 Qxd4
15. d3 b5 16. Bd5 Rad8 17. dxe4 Bg6 18. Be3 Qb4 19. f4 Qd6 20. Rec1 c5 21. Bxc5
Qc7 22. Be3 Qb8 23. Rc6 Rd6 24. Rac1 Rfd8 25. Rc7 R6d7 26. Rxd7 Rxd7 27. Rc6
Rd6 28. Qc2 Rxc6 29. Qxc6 Qd6 30. Qe8+ Bf8 31. g4 h6 32. f5 Qb4 33. Bf2 Qd2 34.
h3 Bh5 35. gxh5 Qd1+ 36. Kh2 Qxh5 37. Qc8 Qf3 38. Bxf7+ $1 Kh7 39. Bg6+ Kg8 40.
Qc2 Bd6+ 41. Kg1 Qf4 42. Qc8+ Bf8 43. Bf7+ Kh7 44. Qxf8 Qc1+ 45. Kg2 Qg5+ 46.
Kf3 1-0

[Event "Mechanics' Summer TNM; G/2"]
[Site "San Francisco"]
[Date "2015.05.26"]
[Round "1.30"]
[White "Shnaiderman, Lazar"]
[Black "Chea, Na"]
[Result "1-0"]
[WhiteElo "1826"]
[BlackElo "1630"]
[Annotator "Donaldson"]
[PlyCount "49"]
[EventDate "2015.??.??"]

1. d4 Nf6 2. c4 d5 3. cxd5 Nxd5 4. e4 (4. Nf3 $1) 4... Nf6 5. Nc3 e5 $1 6. d5
c6 7. Nf3 Bg4 8. Be2 Bxf3 9. Bxf3 Be7 10. O-O O-O 11. Qe2 Ne8 12. Rd1 Nd6 13.
Be3 Qa5 14. dxc6 Nxc6 15. Nd5 Rfd8 16. a3 Bf8 17. Rac1 Ne7 18. Nxe7+ Bxe7 19.
Rc5 Qa4 20. Rxe5 Bf6 21. Red5 Nxe4 22. Rxd8+ Rxd8 23. Rxd8+ Bxd8 24. Qd3 Qa5
25. Bxe4 1-0

[Event "Mechanics' Leighton Allen TNM; G/2"]
[Site "San Francisco"]
[Date "2015.08.04"]
[Round "1.27"]
[White "Shnaiderman, Lazar"]
[Black "Ebert, John C"]
[Result "1/2-1/2"]
[WhiteElo "1826"]
[BlackElo "1756"]
[PlyCount "98"]
[EventDate "2015.??.??"]

1. d4 e6 2. c4 Nf6 3. Nf3 d5 4. g3 c6 5. Qc2 Bd6 6. Bg2 O-O 7. Nbd2 Re8 8. O-O
Nbd7 9. e4 dxe4 10. Nxe4 Nxe4 11. Qxe4 Nf6 12. Qc2 h6 13. Rd1 Qe7 14. b3 Bd7
15. Bb2 Ba3 16. Bxa3 Qxa3 17. Ne5 Rac8 18. c5 Red8 19. Nc4 Qa6 20. Bf1 b5 21.
cxb6 axb6 22. Nd6 Qa8 23. Nxc8 Bxc8 24. Bg2 Bb7 25. Rac1 Nd5 26. Bxd5 Rxd5 27.
a4 Qd8 28. Rd2 e5 29. Re1 Rxd4 30. Rxd4 exd4 31. Qe4 Qf6 32. Qe7 Ba6 33. Qxf6
gxf6 34. Rd1 c5 35. Kg2 Bb7+ 36. f3 Kg7 37. Kf2 Bd5 38. Rd3 f5 39. f4 Kf6 40.
b4 Ke6 41. a5 bxa5 42. bxc5 a4 43. Rxd4 a3 44. Ra4 a2 45. Ke3 Kd7 46. Kd4 Be6
47. Kc3 Kc6 48. Ra5 Kb7 49. Kb2 h5 1/2-1/2

[Event "Mechanics' Spring TNM; G/2"]
[Site "San Francisco"]
[Date "2015.04.07"]
[Round "4.25"]
[White "Shnaiderman, Lazar"]
[Black "Hilliard, Michael"]
[Result "1-0"]
[WhiteElo "1846"]
[BlackElo "1491"]
[PlyCount "65"]
[EventDate "2015.??.??"]

1. d4 d5 2. c4 e6 3. Nf3 c5 4. cxd5 cxd4 5. Nxd4 exd5 6. Nc3 Nf6 7. Bg5 Be6 8.
e3 a6 9. Qb3 b5 10. a3 Be7 11. Be2 O-O 12. O-O Nbd7 13. Nc6 Qe8 14. Nxe7+ Qxe7
15. Bf3 Rac8 16. Nxd5 Bxd5 17. Bxd5 Qe5 18. Bxf6 Nxf6 19. Bf3 Rc4 20. Rac1 Rfc8
21. Rxc4 Rxc4 22. Rd1 Qc7 23. Qd3 Kf8 24. g3 Rc2 25. Qd6+ Ke8 26. Qxc7 Rxc7 27.
Rd2 Ke7 28. Kg2 Ke6 29. h4 h5 30. Kh3 Ke5 31. Bg2 Ne4 32. f4+ Kf5 33. Rd5+ 1-0

[Event "Mechanics' Winter TNM; 30/90, SD/30"]
[Site "San Francisco"]
[Date "2015.01.13"]
[Round "2.25"]
[White "Shnaiderman, Lazar"]
[Black "Hood, Bryan"]
[Result "1-0"]
[WhiteElo "1846"]
[BlackElo "1521"]
[PlyCount "77"]
[EventDate "2015.??.??"]

1. d4 Nf6 2. c4 e6 3. Nf3 d5 4. g3 c6 5. Qc2 dxc4 6. Qxc4 Nbd7 7. Bg2 Nb6 8.
Qc2 Be7 9. O-O O-O 10. Nc3 c5 11. dxc5 Bxc5 12. Bg5 Be7 13. Rfd1 Qc7 14. Rac1
Bd8 15. e4 h6 16. Bf4 Qc5 17. Bd6 Qh5 18. Bxf8 Bc7 19. Bd6 Bxd6 20. Rxd6 Bd7
21. e5 Ne8 22. Rdd1 Rc8 23. Qd3 Bc6 24. Ne4 Na4 25. Qb1 Nc7 26. b3 Nb6 27. Ned2
Rf8 28. Qb2 Ncd5 29. Qd4 f6 30. exf6 Nxf6 31. Qe5 Qf7 32. Nd4 Ng4 33. Qxe6 Bxg2
34. Kxg2 Qxe6 35. Nxe6 Rxf2+ 36. Kg1 Rxh2 37. Rc7 Kh7 38. Rxg7+ Kh8 39. Rxg4 {
A very smooth win by Lazar Shnaiderman, who turns 87 this year.} 1-0

[Event "Mechanics' Winter TNM; 30/90, SD/30"]
[Site "San Francisco"]
[Date "2015.01.27"]
[Round "4.9"]
[White "Shnaiderman, Lazar"]
[Black "Klinetobe, David"]
[Result "0-1"]
[WhiteElo "1846"]
[BlackElo "2008"]
[PlyCount "58"]
[EventDate "2015.??.??"]

1. d4 Nf6 2. c4 e6 3. Nf3 b6 4. e3 Bb7 5. Bd3 d5 6. O-O Bd6 7. b3 O-O 8. Bb2 c5
9. Nbd2 Nbd7 10. Ne5 Rc8 11. Qe2 Qe7 12. Rac1 cxd4 13. exd4 Ba3 14. Nxd7 Nxd7
15. Bxa3 Qxa3 16. Nf3 Nf6 17. Ne5 Qd6 18. Rfd1 Rfd8 19. Qe3 Rc7 20. Qg3 Qe7 21.
Bb1 Rdc8 22. Qg5 Qb4 23. Nd3 Qa3 24. Ne5 dxc4 25. Nxc4 Qb4 26. Qe3 Bd5 27. a3
Qe7 28. Ne5 Qxa3 29. Rxc7 Rxc7 0-1

[Event "Mechanics' Spring TNM; G/2"]
[Site "San Francisco"]
[Date "2015.04.28"]
[Round "7.10"]
[White "Shnaiderman, Lazar"]
[Black "Krasnov, Steven"]
[Result "1/2-1/2"]
[WhiteElo "1846"]
[BlackElo "2016"]
[PlyCount "101"]
[EventDate "2015.??.??"]

1. d4 Nf6 2. c4 e6 3. Nf3 b6 4. g3 Bb7 5. Bg2 Be7 6. Nc3 d6 7. Qc2 O-O 8. O-O
Nbd7 9. e4 c5 10. d5 e5 11. Nh4 g6 12. Bh6 Re8 13. Bh3 Bc8 14. Qd2 Nh5 15. Ng2
Ndf6 16. Bxc8 Qxc8 17. f3 Kh8 18. Be3 a6 19. a4 Rb8 20. b3 Bd8 21. Ne2 Rb7 22.
Qc3 Kg8 23. Qd2 Ng7 24. Kh1 Rb8 25. Qd3 Qd7 26. Nc3 h5 27. Qe2 Kh7 28. Ne1 Rf8
29. Nd3 Be7 30. Rfb1 a5 31. Qg2 Nfe8 32. g4 hxg4 33. fxg4 Rh8 34. Rf1 Bd8 35.
Rf3 Kg8 36. Raf1 f6 37. Rg3 Rb7 38. Nf2 Qc8 39. Rh3 Rxh3 40. Nxh3 Rf7 41. Ne2
Kf8 42. Qf3 f5 43. gxf5 gxf5 44. Ng5 Bxg5 45. Bxg5 Qd7 46. Ng3 f4 47. Nh5 Nxh5
48. Qxh5 Rh7 49. Bh6+ Ke7 50. Bg5+ Kf8 51. Bh6+ 1/2-1/2

[Event "Mechanics' Leighton Allen TNM; G/2"]
[Site "San Francisco"]
[Date "2015.09.22"]
[Round "8.16"]
[White "Shnaiderman, Lazar"]
[Black "McKellar, Daniel"]
[Result "1/2-1/2"]
[WhiteElo "1826"]
[BlackElo "1615"]
[Annotator "Donaldson"]
[PlyCount "95"]
[EventDate "2015.??.??"]

1. d4 d5 2. c4 c6 3. Nf3 Nf6 4. Qc2 Bg4 5. Ne5 Bh5 6. e3 Nbd7 7. Nxd7 Nxd7 8.
b3 e6 9. Nc3 Bg6 10. Bd3 Bxd3 11. Qxd3 Bd6 12. e4 dxe4 13. Nxe4 Bb4+ 14. Bd2
Bxd2+ 15. Qxd2 O-O 16. O-O Re8 17. Nd6 $1 Re7 18. Nxb7 Qc7 19. Nc5 $2 (19. Na5
$16) 19... Nxc5 20. dxc5 Rd7 21. Qc2 a5 22. Rad1 Rad8 23. Rxd7 Qxd7 24. Qc3 Qa7
25. Qe3 Qd7 26. g3 Qd4 27. Qxd4 Rxd4 28. Re1 Rd2 29. a4 Kf8 30. Re3 Ke7 31. Kf1
f6 32. Ke1 Rd4 $2 (32... Rb2 $11) 33. Ke2 g5 34. Rd3 Rxd3 35. Kxd3 e5 36. Ke4
Ke6 37. g4 h6 38. f3 h5 39. gxh5 f5+ 40. Ke3 (40. Kd3 $1 Kf6 41. b4 axb4 42. a5
e4+ 43. fxe4 fxe4+ 44. Kxe4 b3 45. Kd3) 40... Kf6 41. b4 $2 (41. Kd3) 41...
axb4 42. a5 b3 43. Kd2 {Diagram [#]} e4 $1 44. fxe4 fxe4 45. a6 e3+ 46. Kxe3 b2
47. a7 b1=Q 48. a8=Q 1/2-1/2

[Event "Mechanics' Summer TNM; G/2"]
[Site "San Francisco"]
[Date "2015.06.09"]
[Round "3.20"]
[White "Shnaiderman, Lazar"]
[Black "Ronen, Ari"]
[Result "1-0"]
[WhiteElo "1826"]
[BlackElo "1536"]
[PlyCount "91"]
[EventDate "2015.??.??"]

1. d4 Nf6 2. c4 e6 3. Nf3 Bb4+ 4. Bd2 Qe7 5. g3 b6 6. Bg2 Bb7 7. O-O d5 8. Qa4+
Nc6 9. Ne5 Qd6 10. Bf4 Ba5 11. Nxf7 Qb4 12. Qxb4 Nxb4 13. Nxh8 Nc2 14. Na3 Nxa1
15. Rxa1 c6 16. cxd5 exd5 17. Be5 Ke7 18. e4 Rxh8 19. exd5 cxd5 20. Rc1 Rc8 21.
Rxc8 Bxc8 22. Bxf6+ Kxf6 23. Bxd5 Bd2 24. Nc4 Bc1 25. Be4 h6 26. b3 Bd7 27. Kg2
b5 28. Ne3 Bb2 29. d5 Ke5 30. Bg6 (30. Bf3 Bd4) 30... Bd4 31. Bf7 Kf6 32. Bg8
Ke5 33. Kf3 Be8 34. Ke2 Bg6 35. f4+ Ke4 36. Nc2 Bh5+ 37. Kd2 Bc5 38. b4 Bd6 39.
a3 Bg4 40. Ne3 Bh3 (40... Bh5 41. Be6) 41. Be6 Bxe6 42. dxe6 g6 43. Ng4 Bf8 44.
Ne5 Kf5 45. Nc6 Kxe6 46. Nxa7 1-0

[Event "Mechanics' Leighton Allen TNM; G/2"]
[Site "San Francisco"]
[Date "2015.08.18"]
[Round "3.8"]
[White "Shnaiderman, Lazar"]
[Black "Rosenthal, Edward"]
[Result "0-1"]
[WhiteElo "1826"]
[BlackElo "2098"]
[PlyCount "81"]
[EventDate "2015.??.??"]

1. d4 Nf6 2. c4 g6 3. Nc3 Bg7 4. e4 d6 5. Nf3 O-O 6. Be2 e5 7. d5 Nbd7 8. Nd2
a5 9. h4 Nc5 10. h5 c6 11. g4 cxd5 12. cxd5 b5 13. g5 Ne8 (13... Nxh5 14. Bxh5
b4 15. Ncb1 (15. Na4 Nxa4 16. Qxa4 gxh5 17. Nc4 f6 18. Qd1 fxg5 19. Qxh5 h6 20.
Be3 Ba6 21. Rc1 Rc8 22. b3 a4) (15. Nb3 bxc3 16. Nxc5 cxb2 17. Bxb2 Qxg5 18.
Be2 dxc5) 15... Nd3+ 16. Kf1 Nf4 17. Be2 Qxg5 18. Rh2 Bh3+ 19. Ke1 Qg1+ 20. Nf1
Bxf1 21. Bxf1 Qxh2) 14. Nb3 b4 15. Nxc5 bxc3 16. Na4 (16. Nd3 f5 17. bxc3 Qc7
18. Qc2 fxe4 19. Nb2 Qe7 20. Nc4 Nc7 21. h6 Bh8 22. Nb6 Rb8 23. Nxc8 Rbxc8 24.
Qxe4 Qf7 25. Be3 Rb8 26. c4 Qf5 27. Qxf5 gxf5 28. c5) 16... cxb2 17. Nxb2 Qb6
18. Nc4 Qc7 19. Rb1 f5 20. gxf6 Nxf6 21. hxg6 Nxe4 22. gxh7+ (22. Rxh7 Nxf2 23.
Qa4 Qe7 24. Bh6 Nd3+ 25. Bxd3 Qh4+ 26. Kd1 Bxh6 27. Rxh6 Bg4+) 22... Kh8 23.
Be3 Bf5 (23... Nc3 24. Qd3 Nxb1 25. Qxb1 Rb8 26. Nb6 Rf4 27. Bxf4 exf4 28. O-O
Bh3 29. Rd1 Rxb6) 24. Rc1 a4 25. Nb6 Qb7 26. Nxa8 Qxa8 27. Rg1 Qa5+ 28. Kf1 (
28. Bd2 Nxd2 29. Qxd2 Qxd2+ 30. Kxd2 Bh6+ 31. Kd1 Bxc1 32. Rg8+ Rxg8 33.
hxg8=Q+ Kxg8 34. Kxc1) 28... Bh3+ 29. Rg2 Ng3+ (29... Bh6) 30. Kg1 Nxe2+ 31.
Qxe2 Bxg2 32. Kxg2 Qxd5+ 33. Kg1 a3 (33... Qf7 34. Kf1 Qe6 35. Rc4 e4 36. Rc7
Qh3+ 37. Ke1 d5 38. Qb5 Qh1+ 39. Ke2 Qh5+ 40. Ke1 Qe5) 34. Rd1 Qe6 35. Qd3 Rf6
(35... Qxa2 36. Rd2 Qe6 37. Qxa3 Qg4+ 38. Kf1 Rb8 39. Rb2 Rxb2 40. Qxb2 Qd1+
41. Kg2 d5) 36. Qd5 Qg4+ 37. Kf1 Kxh7 38. Ke1 Bh6 39. Bxh6 Kxh6 (39... Qg1+ 40.
Kd2 Qxf2+ 41. Kc3 Kxh6) 40. Qd2+ Kg6 41. Qc3 (41. Qd3+ e4 42. Qg3 Qxg3 43. fxg3
Kg5 (43... Kf5 44. Rd2 Ke5 45. Rh2 d5 46. Rh8 Rg6 47. Kd1 Rxg3) 44. Ke2 Kg4 45.
Ke3 Re6 46. Rd4 Kxg3 47. Rxe4 Rxe4+ 48. Kxe4 Kf2 49. Kd5 Ke3 50. Kxd6 Kd4 51.
Ke6 Kc3 52. Kd5 Kb2 53. Kc4 Kxa2 54. Kc3) 0-1

[Event "Mechanics' Winter TNM; 30/90, SD/30"]
[Site "San Francisco"]
[Date "2015.01.20"]
[Round "3.23"]
[White "Simpkins, Jerry"]
[Black "Cheung, Aaron"]
[Result "1-0"]
[WhiteElo "1478"]
[BlackElo "1748"]
[Annotator "Donaldson"]
[PlyCount "73"]
[EventDate "2015.??.??"]

1. e4 e5 2. Nf3 Nc6 3. d4 exd4 4. Nxd4 Nxd4 5. Qxd4 d6 6. Nc3 Nf6 7. Bc4 Be7 8.
O-O O-O 9. f4 Be6 10. Bd3 c6 11. f5 Bd7 12. Bf4 Qb6 13. Qxb6 axb6 14. a3 Ng4
15. h3 Ne5 16. Rad1 Rad8 17. g4 f6 18. Na4 b5 19. Nb6 Be8 20. c3 Bf7 21. Bc2 d5
22. Be3 Nc4 23. Nxc4 bxc4 24. Bb6 Ra8 25. Rfe1 Bd6 26. Bd4 Rad8 27. Kg2 h6 28.
h4 Rfe8 29. g5 Bh5 30. Rb1 hxg5 31. hxg5 dxe4 32. gxf6 Bf3+ 33. Kf2 gxf6 34.
Bxf6 Rd7 35. Rg1+ Kh7 36. Bd4 c5 $4 {Diagram #} 37. Rh1+ $1 1-0

[Event "Mechanics' Fall TNM; G/2"]
[Site "San Francisco"]
[Date "2015.12.08"]
[Round "8.35"]
[White "Simpkins, Jerry"]
[Black "Enkh, Tergelsar"]
[Result "1-0"]
[WhiteElo "1547"]
[BlackElo "668"]
[PlyCount "69"]
[EventDate "2015.??.??"]

1. e4 e5 2. d3 Nf6 3. f4 Nc6 4. Nf3 Bd6 5. f5 g6 6. Bg5 b6 7. Nc3 h6 8. Bh4 Bb7
9. Be2 Be7 10. O-O d5 11. Bxf6 Bxf6 12. Nxd5 Nd4 13. Nxf6+ Qxf6 14. Nxd4 exd4
15. fxg6 Qxg6 16. Bh5 Qd6 17. Bxf7+ Kd7 18. Qg4+ Kd8 19. Bb3 Bc8 20. Qh4+ Qe7
21. Qxe7+ Kxe7 22. Rf7+ Ke8 23. Rxc7 Rf8 24. Rf1 Rxf1+ 25. Kxf1 Kd8 26. Rh7 Bd7
27. Rh8+ Be8 28. Bf7 Ke7 29. Rxe8+ Rxe8 30. Bxe8 Kxe8 31. Ke2 Ke7 32. Kf3 Kd6
33. Kf4 Kc5 34. Kf5 a5 35. e5 1-0

[Event "Mechanics' Summer TNM; G/2"]
[Site "San Francisco"]
[Date "2015.07.14"]
[Round "8.28"]
[White "Simpkins, Jerry"]
[Black "Everett III, Willard"]
[Result "1-0"]
[WhiteElo "1504"]
[BlackElo "1672"]
[Annotator "Donaldson"]
[PlyCount "27"]
[EventDate "2015.??.??"]

1. e4 d5 2. e5 c5 3. c3 Nc6 4. d4 cxd4 5. cxd4 Qb6 6. Nf3 Bg4 7. Nc3 e6 8. Bb5
Bxf3 9. gxf3 Bb4 10. Bxc6+ Qxc6 11. Bd2 Ne7 12. O-O Nf5 13. Ne2 Qb6 $4 {
Diagram [#]} (13... Be7 $17) 14. Qa4+ 1-0

[Event "Mechanics' Leighton Allen TNM; G/2"]
[Site "San Francisco"]
[Date "2015.08.04"]
[Round "1.10"]
[White "Simpkins, Jerry"]
[Black "Gaffagan, Steven"]
[Result "0-1"]
[WhiteElo "1536"]
[BlackElo "2113"]
[Annotator "Donaldson"]
[PlyCount "54"]
[EventDate "2015.??.??"]

1. e4 c5 2. f4 d5 3. e5 Nc6 4. c3 Bf5 5. d4 e6 6. Nf3 Qb6 7. Bd3 Nh6 8. Na3
cxd4 9. cxd4 Bb4+ 10. Ke2 O-O 11. Nc2 Rac8 12. Be3 f6 13. h3 Bxd3+ 14. Qxd3 Nf5
15. Bf2 fxe5 16. fxe5 Be7 17. g4 {Diagram #} Nh4 $1 {
17...Qxb2 is good but the spectacular text is even stronger.} 18. Bxh4 Bxh4 19.
Nxh4 Nxe5 {Not bad but} (19... Nxd4+ 20. Nxd4 Qxb2+ 21. Qd2 Rf2+ {
was more precise.}) 20. Qb3 $2 (20. dxe5 Rf2+ 21. Kd1 Rcxc2 ({or} 21... Qxb2
22. Qb3 Rcxc2 23. Qxb2 Rxb2 24. Kc1 {to stop the threatened ...g5.} Rbe2 25.
Kd1 Rd2+ 26. Kc1 Rd3 {idea ...g5} 27. g5 Rd4 {winning back the knight.}) 22.
Qxc2 Rxc2 23. Kxc2 Qf2+ 24. Kb3 Qxh4) 20... Qa6+ 21. Ke1 Nd3+ 22. Kd2 Rf2+ 23.
Ke3 Nc1 24. Kxf2 Qe2+ 25. Kg3 Nxb3 26. axb3 Rxc2 27. Raf1 g5 0-1

[Event "Mechanics' Leighton Allen TNM; G/2"]
[Site "San Francisco"]
[Date "2015.09.15"]
[Round "7.16"]
[White "Simpkins, Jerry"]
[Black "Gomez, David Flores"]
[Result "0-1"]
[WhiteElo "1536"]
[BlackElo "1844"]
[PlyCount "94"]
[EventDate "2015.??.??"]

1. e4 d6 2. d4 g6 3. f4 Bg7 4. c3 Nf6 5. e5 Nfd7 6. Nf3 O-O 7. Bc4 Nb6 8. Bb3
c5 9. O-O Qc7 10. Qe1 Bf5 11. h3 c4 12. g4 Bd3 13. Bd1 Bxf1 14. Kxf1 N8d7 15.
e6 Nf6 16. exf7+ Rxf7 17. Ng5 Qd7 18. Nxf7 Kxf7 19. Na3 Rf8 20. Bf3 Kg8 21. Qe2
Kh8 22. Nxc4 Nbd5 23. g5 Nh5 24. Bxh5 Qxh3+ 25. Qg2 Qxh5 26. Qxd5 h6 27. Kg2
hxg5 28. Qf3 g4 29. Qg3 Qd5+ 30. Kf2 Qxc4 31. Qxg4 e5 32. Be3 exd4 33. Rh1+ Kg8
34. Bxd4 Bxd4+ 35. cxd4 Qxd4+ 36. Kg3 Qe3+ 37. Kg2 Qe4+ 38. Kg1 Rxf4 39. Qc8+
Rf8 40. Rh8+ Kxh8 41. Qxf8+ Kh7 42. Qxd6 Qb1+ 43. Kg2 Qxb2+ 44. Kg3 Qc3+ 45.
Kg4 Qc4+ 46. Kg3 Qf7 47. Qd4 Qc7+ {
And Black went on to win. Remaining moves unavailable.} 0-1

[Event "Mechanics' Leighton Allen TNM; G/2"]
[Site "San Francisco"]
[Date "2015.08.18"]
[Round "3.16"]
[White "Simpkins, Jerry"]
[Black "Grey, Peter G"]
[Result "0-1"]
[WhiteElo "1536"]
[BlackElo "2000"]
[PlyCount "65"]
[EventDate "2015.??.??"]

1. e4 e5 2. Nf3 Nc6 3. c3 Nf6 4. d4 exd4 5. e5 Ne4 6. Bc4 d5 7. exd6 Nxd6 8.
Na3 Be7 9. Nxd4 Nxc4 10. Nxc4 Nxd4 11. Qxd4 Qxd4 12. cxd4 Be6 13. Ne5 O-O-O 14.
Be3 Bb4+ 15. Ke2 f6 16. Nd3 Ba5 17. Rac1 Bb6 18. Nf4 Bxa2 19. Rhd1 g5 20. Nh5
Rd6 21. Ng3 Bd5 22. f3 Re8 23. Nf5 Rc6 24. Kf2 Kd7 25. f4 Rxc1 26. Rxc1 c6 27.
Ng7 Rg8 28. Nh5 Bd8 29. Rc5 a6 30. Ng3 Be7 31. Nh5 Bf7 32. Ng3 Bxc5 33. dxc5 {
and Black soon won.} 0-1

[Event "Mechanics' Fall TNM; G/2"]
[Site "San Francisco"]
[Date "2015.11.10"]
[Round "4.37"]
[White "Simpkins, Jerry"]
[Black "Hack, Richard"]
[Result "0-1"]
[WhiteElo "1547"]
[BlackElo "1670"]
[PlyCount "58"]
[EventDate "2015.??.??"]

1. e4 e5 2. Nf3 Nc6 3. d4 exd4 4. Nxd4 Bc5 5. Be3 Bb6 6. c3 d6 7. Bd3 Nf6 8.
Na3 Ng4 9. O-O Nxe3 10. fxe3 Ne5 11. Bc2 Qg5 12. Qe1 O-O 13. Bb3 Bd7 14. Nc4
Rae8 15. Nxb6 axb6 16. Nf5 Bb5 17. Rf4 Nd3 18. Qd2 Nxf4 19. exf4 Qf6 20. Re1
Bc6 21. Bc2 Ra8 22. a3 Rfe8 23. g4 h6 24. g5 hxg5 25. fxg5 Qe5 26. Qg2 Re6 27.
h4 Qxf5 28. exf5 Rxe1+ 29. Qf1 Rxf1+ 0-1

[Event "Mechanics' Spring TNM; G/2"]
[Site "San Francisco"]
[Date "2015.04.14"]
[Round "5.23"]
[White "Simpkins, Jerry"]
[Black "Hack, Richard"]
[Result "1-0"]
[WhiteElo "1478"]
[BlackElo "1694"]
[PlyCount "91"]
[EventDate "2015.??.??"]

1. e4 e5 2. Nf3 Nc6 3. Bc4 Bc5 4. O-O Nf6 5. Nc3 O-O 6. d3 h6 7. Be3 Bxe3 8.
fxe3 d6 9. d4 Bg4 10. Qe1 Re8 11. Rd1 Qe7 12. Qg3 Bh5 13. Rd2 Bg6 14. Qxg6 d5
15. Nxd5 fxg6 16. Nxe7+ Kh7 17. Nxc6 bxc6 18. Nxe5 Nxe4 19. Re2 Nd6 20. Bd3 Re6
21. Nd7 Kg8 22. Nc5 Rf6 23. Rxf6 gxf6 24. Bxg6 Kg7 25. Bd3 Rb8 26. b3 Re8 27.
Kf2 f5 28. Nd7 Ne4+ 29. Bxe4 fxe4 30. Ne5 c5 31. c3 Re7 32. Kg3 cxd4 33. cxd4
c5 34. Kf4 cxd4 35. exd4 Re6 36. Kxe4 Rf6 37. d5 Rd6 38. Nc6 a6 39. Ke5 Rd7 40.
Rf2 Rc7 41. Kd6 Rb7 42. Re2 Rf7 43. Re7 Kf6 44. Rxf7+ Kxf7 45. Kc7 a5 46. d6
1-0

[Event "Mechanics' Summer TNM; G/2"]
[Site "San Francisco"]
[Date "2015.06.02"]
[Round "2.23"]
[White "Simpkins, Jerry"]
[Black "Hakobyan, Sos"]
[Result "0-1"]
[WhiteElo "1504"]
[BlackElo "1873"]
[Annotator "Donaldson"]
[PlyCount "42"]
[EventDate "2015.??.??"]

1. e4 e6 2. d4 d5 3. e5 c5 4. c3 Nc6 5. f4 $6 Nh6 6. Nf3 Be7 7. Bd3 Bh4+ $6 8.
g3 Be7 9. O-O Qb6 10. Kh1 cxd4 11. cxd4 Bd7 12. Bc2 (12. Nc3) 12... Rc8 13. a3
g6 14. Nc3 Na5 15. Rb1 Nf5 16. g4 Nh4 17. Ba4 Rxc3 18. Bxd7+ Kxd7 19. Nxh4 Bxh4
20. Bd2 Rc6 21. a4 (21. Qa4 Nc4 22. Bb4 Qxd4 23. h3 Qe4+ 24. Kh2 Ne3) 21... Nc4
0-1

[Event "Mechanics' Leighton Allen TNM; G/2"]
[Site "San Francisco"]
[Date "2015.09.29"]
[Round "9.27"]
[White "Simpkins, Jerry"]
[Black "Harris, Clarence"]
[Result "1-0"]
[WhiteElo "1536"]
[BlackElo "1425"]
[Annotator "Donaldson"]
[PlyCount "43"]
[EventDate "2015.??.??"]

1. e4 e5 2. c3 Nf6 3. d4 exd4 4. e5 Ne4 5. Bd3 Nc5 6. cxd4 Nxd3+ 7. Qxd3 d5 8.
f4 Bb4+ 9. Nc3 O-O 10. Nge2 c5 11. Qd1 Bf5 12. O-O c4 13. Ng3 Bd3 14. Rf2 Nc6
15. f5 f6 16. e6 Qa5 (16... Nxd4 17. Qg4 Bc5 18. Bh6 Nxe6 19. fxe6 Bxf2+ 20.
Kxf2 Qb6+ 21. Kf3 Bg6 22. Nf5 Qxe6 $15 {Komodo 8 !}) 17. Qf3 Ne7 $2 (17... Nxd4
18. Qg4 Bc5 19. Bh6 Nxe6 20. fxe6 Bg6 $17) 18. Qg4 Bd6 $2 (18... Kh8) 19. Nh5
$1 g6 20. fxg6 hxg6 21. Nxf6+ Kg7 {Diagram [#]} 22. Bh6+ $1 1-0

[Event "Mechanics' Leighton Allen TNM; G/2"]
[Site "San Francisco"]
[Date "2015.09.01"]
[Round "5.38"]
[White "Simpkins, Jerry"]
[Black "Hilliard, Michael"]
[Result "1-0"]
[WhiteElo "1536"]
[BlackElo "1418"]
[Annotator "Donaldson"]
[PlyCount "81"]
[EventDate "2015.??.??"]

1. e4 c6 2. d4 d5 3. e5 Bf5 4. c3 e6 5. Bd3 Bxd3 6. Qxd3 c5 7. f4 Nc6 8. Nf3
cxd4 9. cxd4 Bb4+ 10. Nc3 Nge7 11. Be3 O-O 12. O-O Nf5 13. Ng5 Rc8 14. g4 h6
15. gxf5 hxg5 16. fxg5 Ne7 17. f6 Ng6 18. Rf3 Qc7 19. Rc1 Qa5 20. a3 Bxc3 21.
Rxc3 Rxc3 22. Qxc3 Qxc3 23. bxc3 Rc8 24. Bd2 Rc4 25. Kf2 Ra4 26. Bc1 Rc4 27.
Kg3 Nf8 28. h4 g6 29. Kg4 Nd7 30. h5 $4 {Diagram #} Nxe5+ 31. Kf4 Nxf3 32. Kxf3
Rxc3+ 33. Be3 Rxa3 34. hxg6 fxg6 35. Kf4 Kf7 36. Bd2 b5 37. Bb4 a5 $4 38. Bxa3
b4 39. Bxb4 axb4 40. Ke3 b3 41. Kd2 {
Black resigned but 41...e5 42.dxe5 d4 43. Kd3 Ke6 draws.} 1-0

[Event "Mechanics' Winter TNM; 30/90, SD/30"]
[Site "San Francisco"]
[Date "2015.02.03"]
[Round "5.28"]
[White "Simpkins, Jerry"]
[Black "Lin, Aung Tun"]
[Result "0-1"]
[WhiteElo "1478"]
[BlackElo "1735"]
[PlyCount "58"]
[EventDate "2015.??.??"]

1. e4 c5 2. f4 d6 3. c3 Nf6 4. e5 dxe5 5. fxe5 Nfd7 6. Nf3 Nc6 7. d4 e6 8. Bd3
Qb6 9. Bc2 cxd4 10. cxd4 Bb4+ 11. Nc3 f6 12. a3 Bxc3+ 13. bxc3 fxe5 14. Rb1 Qa5
15. Bb2 exd4 16. Nxd4 Qe5+ 17. Ne2 Nc5 18. c4 Qc7 19. O-O e5 20. Nc3 Be6 21.
Nd5 Bxd5 22. cxd5 O-O-O 23. Qg4+ Kb8 24. dxc6 Qxc6 25. Bxe5+ Ka8 26. Bg3 g6 27.
Bf2 Rhf8 28. Bxc5 Qxc5+ 29. Kh1 Qxc2 0-1

[Event "Mechanics' Winter TNM; 30/90, SD/30"]
[Site "San Francisco"]
[Date "2015.01.06"]
[Round "1.22"]
[White "Simpkins, Jerry"]
[Black "Maser, Thomas"]
[Result "1-0"]
[WhiteElo "1478"]
[BlackElo "1921"]
[PlyCount "21"]
[EventDate "2015.??.??"]

1. e4 e5 2. d4 exd4 3. e5 Nc6 4. f4 Bb4+ 5. Bd2 Qe7 6. Nf3 d6 7. Bxb4 Nxb4 8.
a3 Nc6 9. Nxd4 dxe5 10. Nxc6 exf4+ $4 11. Nxe7 1-0

[Event "Mechanics' Fall TNM; G/2"]
[Site "San Francisco"]
[Date "2015.11.24"]
[Round "6.34"]
[White "Simpkins, Jerry"]
[Black "Mathrubootham, Gan"]
[Result "1/2-1/2"]
[WhiteElo "1547"]
[BlackElo "1346"]
[Annotator "Donaldson"]
[PlyCount "62"]
[EventDate "2015.??.??"]

1. e4 e6 2. d4 d5 3. exd5 exd5 4. Bd3 Bd6 5. Nc3 Ne7 6. Nf3 O-O 7. O-O Bg4 $2 {
Diagram #} 8. Bxh7+ $1 Kh8 9. Bd3 Nd7 10. Bg5 f6 11. Be3 a6 12. Be2 (12. Re1)
12... Qe8 13. h3 Be6 14. Nh2 (14. Re1) 14... c5 15. Bh5 g6 16. Bf3 Nf5 17. Nxd5
Bxd5 18. Bxd5 Nxe3 19. fxe3 Qxe3+ 20. Kh1 cxd4 21. Ng4 Qg5 22. Qxd4 Bc5 23. Qd1
$2 (23. Qd3 Rad8 24. Rad1 Nb6 25. c4 $16) 23... Rad8 24. c4 Nb6 25. Qf3 Nxd5
26. cxd5 Rxd5 27. Qb3 Rd7 28. Rae1 Rh7 (28... Qxg4) 29. Qc3 Qxg4 30. Qxc5 Rxh3+
31. gxh3 (31. Kg1 Rf7 $11) 31... Qxh3+ 1/2-1/2